LEADER 01218nam0 2200289 450 001 000041910 005 20160201114051.0 100 $a20151116d2000----km-y0itaa50------ba 101 0 $aita 102 $aIT 200 1 $a<> Historia Alphonsi Primi Regis di Gasparre Pellegrino$eil Ms. IX C 22 della Biblioteca Nazionale di Napoli$fFulvio Delle Donne 210 $a[S. l.$cs. n.$d2000?] 215 $aP. 89-104$d24 cm. 300 $aEstratto da: Archivio Storico per le Province Napoletane, 118 dell'intera collezione, Napoli, Società Napoletana di storia patria, 2000 600 1$aPellegrino,$bGaspare$xManoscritti 700 1$aDelle Donne,$bFulvio$0170631 801 0$aIT$bUniversità della Basilicata - B.I.A.$gREICAT$2unimarc 912 $a000041910 996 $aHistoria Alphonsi Primi Regis di Gasparre Pellegrino$91531281 997 $aUNIBAS BAS $aLETTERE CAT $aSTD108$b01$c20151116$lBAS01$h1140 CAT $aSTD108$b01$c20151116$lBAS01$h1216 CAT $aMDL$b30$c20160201$lBAS01$h1132 CAT $aMDL$b30$c20160201$lBAS01$h1140 FMT Z30 -1$lBAS01$LBAS01$mBOOK$1BASA1$APolo Storico-Umanistico$2GEN$BCollezione generale$6114359$5L114359$820151116$f02$FPrestabile Generale LEADER 01508nam 2200505Ia 450 001 9910462249003321 005 20200520144314.0 010 $a0-8213-9596-3 035 $a(CKB)2670000000234197 035 $a(SSID)ssj0000721391 035 $a(PQKBManifestationID)12279884 035 $a(PQKBTitleCode)TC0000721391 035 $a(PQKBWorkID)10693121 035 $a(PQKB)11041389 035 $a(MiAaPQ)EBC3050856 035 $a(Au-PeEL)EBL3050856 035 $a(CaPaEBR)ebr10591012 035 $a(OCoLC)809932134 035 $a(EXLCZ)992670000000234197 100 $a20120716d2012 uy 0 101 0 $aeng 135 $aurcn||||||||| 181 $ctxt 182 $cc 183 $acr 200 00$aOn the take$b[electronic resource] $eCriminalizing illicit enrichment to fight corruption /$fLindy Muzila ... [et al.] 210 $aWashington, D.C. $cWorld Bank$d2012 215 $axv, 102 p 300 $aBibliographic Level Mode of Issuance: Monograph 311 $a0-8213-9454-1 320 $aIncludes bibliographical references. 606 $aUnjust enrichment (International law) 606 $aInternational law 608 $aElectronic books. 615 0$aUnjust enrichment (International law) 615 0$aInternational law. 676 $a345/.02323 701 $aMuzila$b Lindy$0922500 801 0$bMiAaPQ 801 1$bMiAaPQ 801 2$bMiAaPQ 906 $aBOOK 912 $a9910462249003321 996 $aOn the take$92070083 997 $aUNINA